| 000 | 00424nam a2200169Ia 4500 | ||
|---|---|---|---|
| 003 | GCL | ||
| 008 | 140319s9999 xx 000 0 eng d | ||
| 020 | _a1861470169 | ||
| 040 |
_aGCL / _cGCL |
||
| 082 | 0 | 4 |
_a745.1 _bA A |
| 245 | 1 | 0 | _aTHE ANTIQUES HANDBOOK |
| 260 |
_aانجلترا : _bABBEYDALE PRESS ، _c1999 |
||
| 300 |
_a21 CM ؛ _c256 P |
||
| 650 | 0 | 4 | _aANTIQUITIES |
| 650 | 0 | 4 | _aANTIQUES - HANDBOOK |
| 942 |
_2ddc _cBK |
||
| 999 |
_c9702 _d9702 |
||